000
002300000a22000970004500
100
1
_a
Cuervo Vázquez, Georgina
245
1
0
_a
Eva
300
_a
Vol. 3, Núm 14 (1991), Páginas 26-27
773
0
_t
Impacto Presbiteriano
942
_c
ANA
999
_c
50986
_d
50986